Name the presidents of the united states Quiz Stats

 Plays Quiz not verified by Sporcle

Score 0/44 Timer 09:00
0 Plays Today
# name % Correct
1George Washington
97.4%
2John Adams
91.4%
3Thomas Jefferson
87.1%
44Barack Obama
87.1%
16Abraham Lincoln
85.3%
43George W. Bush
85.3%
4James Madison
81.9%
6John Quincy Adams
81.9%
42Bill Clinton
81.9%
40Ronald Reagan
81%
35John F. Kennedy
80.2%
39Jimmy Carter
80.2%
32Franklin D. Roosevelt
79.3%
5James Monroe
78.4%
41George H. W. Bush
78.4%
26Theodore Roosevelt
77.6%
37Richard Nixon
77.6%
34Dwight D. Eisenhower
75.9%
7Andrew Jackson
73.3%
31Herbert Hoover
73.3%
36Lyndon B. Johnson
73.3%
22Grover Cleveland
70.7%
# name % Correct
24Grover Cleveland
70.7%
28Woodrow Wilson
70.7%
18Ulysses S. Grant
69.8%
38Gerald Ford
69.8%
33Harry S. Truman
69%
11James K Polk
66.4%
17Andrew Johnson
66.4%
30Calvin Coolidge
66.4%
8Martin Van Buren
64.7%
20James A. Garfield
64.7%
25William McKinley
64.7%
12Zachary Taylor
62.9%
14Franklin Pierce
62.1%
13Millard Fillmore
61.2%
10John Tyler
60.3%
15James Buchanan
60.3%
23Benjamin Harrison
60.3%
21Chester A. Arthur
59.5%
9William Henry Harrison
58.6%
19Rutherford B. Hayes
57.8%
29Warren G. Harding
56%
27William Howard Taft
51.7%

You're not logged in!

Compare scores with friends on all Sporcle quizzes.
OR
Log In

Show Comments

Extras

Top Quizzes Today


Score Distribution

Your Account Isn't Verified!

In order to create a playlist on Sporcle, you need to verify the email address you used during registration. Go to your Sporcle Settings to finish the process.

Report this User

Report this user for behavior that violates our Community Guidelines.

Details: